000 00342nam a2200145Ia 4500
008 150201s2009 xx 000 0 und d
082 _a617
_bS09K
100 _aKAPUR,M.M
245 _aINTRODUCTION TO SURGICAL INSTRUMENTS
250 _a2ND
260 _bBLACKWELL
_aDELHI
_c2009
300 _a1-244
650 _aSURGERY
942 _2ddc
_cBK
_017
999 _c364
_d364